| 000 | 01225cam a2200289 4500 | ||
|---|---|---|---|
| 001 | M1999 | ||
| 008 | 090401t1995 xxu||||| |||| 00| 0 eng d | ||
| 035 | _a(Sirsi) u35934 | ||
| 041 | _aeng | ||
| 050 | _a333.332 | ||
| 110 |
_aRoyal Institution of Chartered Surveyors _94900 |
||
| 245 | _aRICS/ISVA specification for the valuation and inspection of residential property for mortgage purposes on behalf of building societies, banks and other lenders. | ||
| 250 | _aRevised ed. | ||
| 260 |
_aLondon _bRICS _c1995 |
||
| 300 | _a11p. ; 21x10cm. | ||
| 350 | _a12.5 | ||
| 520 | _aSUPERSEDED: Replaced by revised edition effective from 1st January 1998 (M90430). Cover title is: Specification for Residential Mortgage Valuation, effective from 1st January 1996. This version first appeared in the RICS Appraisal and Valuation Manual (September 1995), amended December 1995 (Annex A to PS 9). | ||
| 650 | _aGUIDANCE NOTES | ||
| 650 | _aMODEL CONDITIONS OF ENGAGEMENT | ||
| 650 | _aMORTGAGE VALUATIONS | ||
| 650 |
_aRESIDENTIAL PROPERTY _96266 |
||
| 650 |
_aValuation _96273 |
||
| 690 | _aRATING AND VALUATION | ||
| 710 |
_aIncorporated Society of Valuers and Auctioneers _91201 |
||
| 942 | _n0 | ||
| 948 | _c04/03/1997 | ||
| 999 |
_c90163 _d90163 |
||